00608nam a2200205Ia 4500003000400000005001700004008004100021020001900062040000700081041000800088082001500096100002300111245003500134260004200169300000900211650002000220942001300240999001900253952013000272OSt20250820160142.0250729s2005 xx 000 0 und d a978-8120700765 cAL aeng a930.7 KOCS aKochar s K9221668 aThe teaching of social studies aNew DelhibSterling Publicationc2005 a352p aHistory9221669 2ddccBED c235121d235121 00104070aALbALd2025-07-29eSita Book Houseg125.00l0o930.7 KOCSpBED00440r2025-07-29 16:53:44v125.00w2025-07-29yBK